000 00421nam a2200157 i 4500
001 145610
003 ES-MaACL
005 20230906201251.0
007 t|
008 071015s1931 fr ||||1| fre d
100 1 _aVerlaine, L.
_9114141
245 1 2 _aL'ame des bĂȘtes
_b: quelques pages d'histoire /
_cL. Verlaine.
260 _aParis :
_bF. Alcan,
_c1931.
300 _a302 p. ;
_c22 cm.
852 _aES-MaACL
_jA-161
999 _c145610
_d145610